CULINARY HOSPITALITY GLOSSERY (Record no. 8128)

MARC details
000 -LEADER
fixed length control field 00356nam a22001457a 4500
020 ## - INTERNATIONAL STANDARD BOOK NUMBER
International Standard Book Number 978-81-8204-082-3
082 ## - DEWEY DECIMAL CLASSIFICATION NUMBER
Classification number 644
Item number AGR
100 ## - MAIN ENTRY--PERSONAL NAME
Personal name AGARWAL,NEERAJ
245 ## - TITLE STATEMENT
Title CULINARY HOSPITALITY GLOSSERY
260 ## - PUBLICATION, DISTRIBUTION, ETC. (IMPRINT)
Place of publication, distribution, etc DELHI
Name of publisher, distributor, etc AMAN PUBLISHER
Year of Publication 2015
300 ## - PAGE DESCRIPTION
No. of Pages 303
650 ## - SUBJECT ADDED ENTRY--TOPICAL TERM
Topical term or geographic name as entry element HOSPITALITY MANAGEMENT
653 ## - KEYWORDS--INDEX TERM
Keyword term CULINARY HOSPITALITY
942 ## - ADDED ENTRY ELEMENTS (KOHA)
Source of classification or shelving scheme Dewey Decimal Classification
Koha item type Books
942 ## - ADDED ENTRY ELEMENTS (KOHA)
-- 2
Holdings
Withdrawn status Lost status Source of classification or shelving scheme Damaged status Not for loan Collection code Home library Current library Shelving location Date acquired Vendor Name Cost, normal purchase price SGTU Bill Number Total Checkouts Full call number Accession No. (Barcode) Date last seen Bill Date Koha item type Date last borrowed
    Dewey Decimal Classification     HOTEL MANAGEMENT SGT Science & Social Sciences Library SGT Science & Social Sciences Library Text Book 13/10/2015 JINDAL BOOK SERVICE 400.00 SGTU 1775   644 AGR HM661 13/10/2015 07/09/2015 Books  
    Dewey Decimal Classification     HOTEL MANAGEMENT SGT Science & Social Sciences Library SGT Science & Social Sciences Library Text Book 13/10/2015 JINDAL BOOK SERVICE 400.00 SGTU 1775 2 644 AGR HM662 27/08/2022 07/09/2015 Books 25/07/2022
    Dewey Decimal Classification     HOTEL MANAGEMENT SGT Science & Social Sciences Library SGT Science & Social Sciences Library Text Book 13/10/2015 JINDAL BOOK SERVICE 400.00 SGTU 1775   644 AGR HM663 13/10/2015 07/09/2015 Books